000 00447nam a2200193Ia 4500
008 210210b1930 xxu||||| |||| 00| 0 eng d
041 _aeng
082 _a230/48
100 _aFERROLI (D)
245 _aStudies in christian sanctity
260 _aMangalore
_bSt Aloysius College
_c1930
300 _av,338
650 _aStudies
650 _asanctity
650 _ain
650 _achristian
690 _aChristianity
906 _a001284
999 _c116182
_d116182